Gestionar una escuela con aulas heterogéneas : enseñar y aprender en la diversidad /

Guardado en:
Autor Principal: Anijovich, Rebeca
Otros Autores: Cappelletti, Graciela, Cancio, Cecilia
Formato: Libro
Publicado: Buenos Aires : Paidós, 2014
Series:Voces de la educación
Materias:
Etiquetas: Agregar Etiqueta
Sin Etiquetas, Sea el primero en etiquetar este registro!
LEADER 01156nam a22002655a 4500
001 CEM.cems014198
005 20140319105338.0
008 130507s2014##################000#0#####d
003 CEMS
020 |a 9789501215441 
082 0 4 |a 370.15 
100 1 |a Anijovich, Rebeca 
245 1 0 |a Gestionar una escuela con aulas heterogéneas :  |b enseñar y aprender en la diversidad /  |c Rebeca Anijovich; colaboradoras: Graciela Cappelletti y Cecilia Cancio 
260 |a Buenos Aires :  |b Paidós,  |c 2014 
300 |a 184 p. 
490 0 |a Voces de la educación 
505 0 |a 1.- Aulas heterogéneas y equidad -- 2.- El diseño de la enseñanza en aulas heterogéneas -- 3.- La autonomía como meta educativa / Graciela Cappelletti -- 4.- Los espacios heterogéneos -- 5.- Nuevas formas de evaluar -- 6.- La gestión de una escuela heterogénea / Cecilia Cancio -- 7.- Experiencias inspiradoras.- 
653 |a Educación 
653 |a Aprendizaje 
653 |a Diversidad 
653 |a Aulas heterogéneas 
653 |a Metacognición 
700 1 |a Cappelletti, Graciela 
700 1 |a Cancio, Cecilia 
859 |a CEMS  |b BIB. CEMS - 11 de abril  |h 370.15  |i An53  |p 26831.14  |t Ej.1